Úvery zo Štátneho fondu rozvoja bývania v podmienkach obcí
Zákon č.583/2004 Z.z. o rozpočtových pravidlách územnej samosprávy a o zmene a doplnení niektorých zákonov v znp. v §2 písm.a) vymedzuje pojem - návratné zdroje financovania - ktorými rozumie prostriedky rozpočtu obce z prijatých úverov, pôžičiek, návratných finančných výpomocí , zo zmeniek a z komu...
Saved in:
| Main Author: | |
|---|---|
| Format: | Book Chapter |
| Language: | Slovak |
| Subjects: | |
| Tags: |
No Tags, Be the first to tag this record!
|
MARC
| LEADER | 00000naa a2200000 4500 | ||
|---|---|---|---|
| 001 | 0270346 | ||
| 005 | 20201201153314.7 | ||
| 041 | 0 | |a slo | |
| 044 | |a SK | ||
| 245 | 1 | 0 | |a Úvery zo Štátneho fondu rozvoja bývania v podmienkach obcí |c Ingrid Konečná Veverková |
| 520 | |a Zákon č.583/2004 Z.z. o rozpočtových pravidlách územnej samosprávy a o zmene a doplnení niektorých zákonov v znp. v §2 písm.a) vymedzuje pojem - návratné zdroje financovania - ktorými rozumie prostriedky rozpočtu obce z prijatých úverov, pôžičiek, návratných finančných výpomocí , zo zmeniek a z komunálnych obligácií vydaných obcou. Za návratné zdroje financovania sa podľa tejto definície považujú aj úvery zo Štátneho fondu rozvoja bývania. | ||
| 610 | 2 | 0 | |a obce |
| 610 | 2 | 0 | |a samospráva |
| 610 | 2 | 0 | |a fond rozvoja bývania |
| 610 | 2 | 0 | |a zdroje finančné |
| 610 | 2 | 0 | |a úver |
| 610 | 2 | 0 | |a zákony |
| 100 | 1 | |a Konečná Veverková, Ingrid | |